Wszyscy strzelcy bramek dla Polski w historii Ligi Narodów - Statystyki

Ogólne statystyki
  • Ten quiz został rozwiązany 403 razy
  • Średni wynik to 9 z 14
Statystyki odpowiedzi
Liczba
bramek
Rok strzelenia
pierwszej bramki
Piłkarz % Poprawnych
4 2020 Robert Lewandowski
100%
2 2018 Piotr Zieliński
89%
1 2018 Arkadiusz Milik
86%
1 2018 Krzysztof Piątek
81%
1 2024 Nicola Zalewski
76%
2 2022 Karol Świderski
73%
1 2018 Jakub Błaszczykowski
66%
1 2020 Kamil Grosicki
66%
1 2024 Sebastian Szymański
66%
1 2020 Kamil Glik
64%
1 2022 Maty Cash
53%
2 2020 Karol Linetty
42%
1 2022 Jakub Kamiński
36%
1 2020 Kamil Jóźwiak
33%
Nie znaleziono quizów pasujących do podanych kryteriów
Rozkład punktacji
Procent ludzi z każdym wynikiem
Percentyl według liczby udzielonych odpowiedzi
Twoja historia wyników
Nie rozwiązałeś tego quizu